|
|
|
|
| LEADER |
01329njm a2200457 a 4500 |
| 001 |
000292190 |
| 003 |
CZ BrMZK |
| 005 |
19950101143423.0 |
| 008 |
950101s1993 xr f cze d |
| 028 |
0 |
3 |
|a X1 0012-2 311
|b 6P
|
| 040 |
|
|
|a BOA001
|b cze
|
| 080 |
|
|
|a 784.4.03"199"(086.7)
|2 MRF
|
| 110 |
2 |
|
|a Fešáci (hudební skupina)
|7 kn20010710194
|4 prf
|
| 245 |
1 |
0 |
|a Fešáci 25 live!
|h [zvukový záznam] /
|c Fešáci.
|
| 246 |
3 |
3 |
|a KOmedianti nestárnou
|
| 246 |
3 |
3 |
|a Nashville skyline rag
|
| 246 |
3 |
3 |
|a Paní má se má
|
| 246 |
3 |
3 |
|a Půl a půl
|
| 246 |
3 |
3 |
|a Sundej z hodin závaží
|
| 246 |
3 |
3 |
|a Zuzana
|
| 246 |
3 |
3 |
|a Always on my mind
|
| 246 |
3 |
3 |
|a Buráky
|
| 246 |
3 |
3 |
|a Country
|
| 246 |
3 |
3 |
|a Danny boy
|
| 246 |
3 |
3 |
|a Duhové znamení
|
| 246 |
3 |
3 |
|a Hvězda Countryon
|
| 246 |
3 |
3 |
|a Jaro
|
| 246 |
3 |
3 |
|a Jméno mé
|
| 246 |
3 |
3 |
|a Jolene
|
| 246 |
3 |
3 |
|a Já sám
|
| 260 |
|
|
|a Praha :
|b 6P,
|c [1993]
|
| 300 |
|
|
|a 1 CD ;
|c 12 cm +
|e 1 složený list.
|
| 306 |
|
|
|a 010835
|
| 500 |
|
|
|a Nahr. 1992
|
| 500 |
|
|
|a Durata 68:35
|
| 505 |
2 |
|
|a Buráky, Zuzana, Danny boy ... [et al.]
|
| 653 |
0 |
|
|a country hudba
|
| 910 |
|
|
|a BOA001
|b CD-0002.944
|
| 964 |
|
|
|a Hudba country
|z stol.20.,léta 90.
|x CD
|
| 990 |
|
|
|a AV
|
| 996 |
6 |
|
|b 261H002977
|c CD-0002.944
|l MZK
|r Sklad / do 24 hodin
|n 0
|w 000292190
|u 000010
|a 1
|e BOA001
|j MZK50
|s P
|